| 000 | 01401cam a22003857a 4500 | ||
|---|---|---|---|
| 003 | CHAP | ||
| 005 | 20220817043944.0 | ||
| 008 | 040817d2003 mx r 00110 spa d | ||
| 010 | _a88668 | ||
| 011 | _a89640 | ||
| 020 | _a968 5600 00 7 | ||
| 035 | _a100191 | ||
| 040 | _cCHAP | ||
| 082 | 0 | 4 |
_a378.098 _bD5 |
| 100 | 0 | 0 |
_aDieterich S., Heinz. _932542 |
| 245 | 1 | 0 |
_aIdentidad educación y cambio en América Latina _c/coord. por Heinz Dieterich S. |
| 260 |
_aMéxico, D.F. : _bUniversidad Autónoma Metropolitana. Unidad Xochimilco, _c2003. |
||
| 300 | _a262 p. | ||
| 410 | 2 | 1 |
_aUniversidad Autónoma Metropolitana. _bUnidad Xochimilco |
| 490 | 0 | _aColección de relaciones internacionales | |
| 590 |
_aBATCH-UPD _b10 _c20130110 _lUCH01 _h0816 |
||
| 590 |
_aBATCH-UPD _b10 _c20130410 _lUCH01 _h0453 |
||
| 590 |
_aBATCH-UPD _b10 _c20130914 _lUCH01 _h1202 |
||
| 590 |
_aCONVERSION _b10 _c20130109 _lUCH01 _h1349 |
||
| 650 | 0 | 4 |
_aEducación pública _935585 |
| 650 | 0 | 4 |
_aEducación superior _xAmérica Latina. _935605 |
| 650 | 0 | 4 |
_aGlobalización. _948300 |
| 650 | 0 | 4 |
_aPolítica educativa _xAmérica Latina. _990542 |
| 810 | 2 | 1 |
_aUniversidad Autónoma Metropolitana. _bUnidad Xochimilco |
| 830 | 0 | 0 |
_aColección de relaciones internacionales _924809 |
| 901 | _aBK | ||
| 905 | _aAlejandra Carrasco M. | ||
| 942 | _cLIBRO | ||
| 949 |
_a378.098 D5 _bBC _cLIBRO _d33724000797379 _eLIBRO _h104592 _i100191 _sb |
||
| 999 |
_c88668 _d88668 |
||